Nuevas tecnologías y enseñanza
Saved in:
| Hovedforfatter: | |
|---|---|
| Format: | Bog |
| Sprog: | spansk |
| Udgivet: |
Barcelona
Graó
1989
|
| Serier: | Materiales Para la Innovación Educativa, 1
|
| Fag: | |
| Tags: |
Tilføj Tag
Ingen Tags, Vær først til at tagge denne postø!
|
MARC
| LEADER | 00000nam a2200000 a 4500 | ||
|---|---|---|---|
| 001 | UCS2454 | ||
| 003 | CL-VaPUC | ||
| 008 | 970530e19890000SP |||||||||||||||||spa|d | ||
| 082 | 0 | 4 | |a 371.3 |b BAR |2 21 |
| 100 | 0 | |a Bartolomé, Antonio R |e author |9 387891 | |
| 245 | 1 | 0 | |a Nuevas tecnologías y enseñanza |
| 300 | |a 180 p | ||
| 942 | |c BK | ||
| 945 | |d 19970530 00:00:00 |a rleighto | ||
| 260 | |a Barcelona |b Graó |c 1989 | ||
| 650 | 0 | |a Tecnología educacional |9 307265 | |
| 650 | 0 | |a Métodos de enseñanza |9 270413 | |
| 650 | 0 | |a Innovaciones pedagógicas |9 307471 | |
| 650 | 0 | |a Informática |9 260044 | |
| 650 | 0 | |a Telecomunicaciones |9 257195 | |
| 650 | 0 | |a Sistemas expertos |9 263121 | |
| 583 | |a last modification |c 19970530 00:00:00 |k Rodrigo Vera | ||
| 490 | 0 | |a Materiales Para la Innovación Educativa, 1 | |
| 999 | |c 260410 |d 260408 | ||
| 952 | |0 0 |1 0 |4 0 |6 371_300000000000000_BAR_1989 |7 0 |8 A |9 286540 |a FDOPOS |b FDOPOS |d 2019-11-19 |i 3308561 |o 371.3 BAR 1989 |p 3308561 |r 2025-01-22 |w 2019-11-19 |y BK |k MLA | ||
| 952 | |0 0 |1 0 |4 0 |6 371_300000000000000_BAR_1989 |7 0 |8 A |9 286541 |a BIBEDU |b BIBEDU |d 2019-11-19 |i 3313476 |o 371.3 BAR 1989 |p 3313476 |r 2019-11-19 |w 2019-11-19 |y BK |k EDU | ||